Competitive and co-operative trends in federalism (Record no. 375486)

000 -LEADER
fixed length control field 00429cam a22001337a 4500
008 - FIXED-LENGTH DATA ELEMENTS--GENERAL INFORMATION
fixed length control field 180718b1951 xxu||||| |||| 00| 0 eng d
082 ## - DEWEY DECIMAL CLASSIFICATION NUMBER
Classification number B263 V559
100 ## - MAIN ENTRY--PERSONAL NAME
Personal name Venkatrangaiya, M.
245 ## - TITLE STATEMENT
Title Competitive and co-operative trends in federalism
Statement of responsibility, etc. by M. Venkatrangaiya
260 ## - PUBLICATION, DISTRIBUTION, ETC.
Place of publication, distribution, etc.
Name of publisher, distributor, etc.
Date of publication, distribution, etc. 1951
440 ## - SERIES STATEMENT/ADDED ENTRY--TITLE
Title Gokhale Institute of Politics and Economics, R. R. Kale Memorial Lecture, 1951
500 ## - GENERAL NOTE
General note Rs. 1-8
650 ## - SUBJECT ADDED ENTRY--TOPICAL TERM
Topical term or geographic name entry element Federalism
Holdings
Withdrawn status Lost status Damaged status Not for loan Permanent Location Current Location Date acquired Full call number Barcode Date last seen Price effective from Koha item type
        Indian Institute of Public Administration Indian Institute of Public Administration 2010-12-17 B263 V559 9537 2018-07-21 2018-07-21 Book
        Indian Institute of Public Administration Indian Institute of Public Administration 2010-12-21 B263 V559 8195 2018-07-21 2018-07-21 Book

Powered by Koha